000 00563 a2200145 4500
999 _c9469
_d9469
020 _a9780974972305
050 _aLA1503 ASS 2007
100 _aAssie-Lumumba, N'Dri T
_eeditor
245 _aWomen and Higher Education in Africa,
_bReconceptualizing gender based human capabilities and upgrading rights to knowledge/
264 _aUnited States of America;
_bCEPARRED:
_c2007
300 _axxii,558p.;
500 _aIncludes index
650 _aThe Significance of higher education in gender and education reforms in Africa
942 _2lcc
_cBK
_hASS
_iLA
_k1503